عرض عادي
عرض مارك
- كلية هارفارد لإدارة الأعمال
مدخل إسم هيئة
001 - رقم الضبط
- حقل الضبط: 106573
003 - معرف رقم الضبط
- حقل الضبط: OSt
005 - تاريخ ووقت أخر عملية
- حقل الضبط: 20221009105227.0
008 - عناصر بيانات ثابتة الطول
- حقل تحكم ثابت الطول: 221009|| aca||aabn | a|a d
040 ## - مصدر الفهرسة
- هيئة الفهرسة الأصلية: OSt
- وكالة الكتابة: OSt
110 ## - مدخل -- أسم شخص
- اسم الهيئه او اسم السلطه كعنصر مدخل: كلية هارفارد لإدارة الأعمال
670 ## - بيانات المصدر موجوده
- الاستشهاد بالمصدر: Work cat.: (OSt): كلية هارفارد لإدارة الأعمال مؤلف., عن التواصل :
